000 00235nam a2200085Ia 4500
245 0 _aCountry cottage quilts
100 _a ZIMMERMAN, Darlene Newton Abbot, 2004
_975570
942 _cBK
008 210817s9999 xx 000 0 und d
999 _c400655
_d400654